000
003300000a22001570004500
003
MACL
040
_a
MACL
090
_c
33390
_d
33388
100
_a
Kiran Prakashan
245
_a
SSC practice Work book
260
_b
Kiran Prakashan
350
_a
225
650
_a
Education
942
_c
BOOK
_k
378/Kir
951
_o
378/Kir BOOK
999
_c
33040
_d
33040